Statistics for Country Flags with Weaponry

Click here to take the quiz!

General Stats

  • This quiz has been taken 84 times
    (55 since last reset)
  • The average score is 8 of 9

Answer Stats

FlagCountry% Correct
Saudi Arabia
98%
Kenya
98%
Sri Lanka
94%
Angola
92%
Barbados
92%
Swaziland
88%
Mozambique
84%
Belize
80%
Oman
78%

Score Distribution

Percentile by Number Answered

Percent of People with Each Score

Your Score History

You have not taken this quiz since the last reset